Cambio climático y biodiversidad. (Registro nro. 20032)
[ vista simple ]
| 000 -CABECERA | |
|---|---|
| Campo de control | 00964nam a22002897a 4500 |
| 005 - FECHA Y HORA DE LA ULTIMA TRANSACCION | |
| Campo de control | 20171220133046.0 |
| 008 - ELEMENTOS DE LONGITUD FIJA—INFORMACION GENERAL | |
| Campo de control | 171220b 2015EC ||||| |||| 00| 0 spa d |
| 020 ## - ISBN | |
| ISBN | 9789978355312 |
| 040 ## - FUENTE DE CATALOGACIÓN | |
| Agencia catalogadora original | CO-BoIAVH |
| Agencia transcriptora | CO-BoIAVH |
| 041 ## - IDIOMA | |
| Código de idioma para texto/pista de sonido o título separado | Español |
| 044 ## - PAÍS DE PUBLICACIÓN | |
| País de publicación | Ecuador |
| 082 ## - NUMERO DE CLASIFICACION DECIMAL DEWEY | |
| Número de clasificación | 577.38 |
| Número del ítem | A28c |
| 100 ## - ASIENTO PRINCIPAL--NOMBRE PERSONAL | |
| Nombre personal | Aguirre, Nikolay |
| Término relacionado | editor |
| 9 (RLIN) | 87982 |
| 245 1# - MENCION DE TITULO | |
| Título | Cambio climático y biodiversidad. |
| Parte restante del título | estudio de caso de los Páramos del parque nacional Podocarpus, Ecuador |
| 260 ## - PUBLICACION, DISTRIBUCION, ETC. (PIE DE IMPRENTA) | |
| Lugar de publicación, distribución, etc. | Loja Ecuador: |
| Nombre del editor, distribuidor, etc. | Universidad Nacional de Loja, |
| Fecha de publicación, distribución, etc. | 2015. |
| 300 ## - DESCRIPCION FISICA | |
| Extensión | 270 páginas |
| Dimensiones | 24 x 16cm |
| 650 16 - ASIENTO SECUNDARIO DE MATERIA - TERMINO TEMATICO | |
| Término temático o nombre geográfico como elemento de entrada | Carbono |
| 9 (RLIN) | 87998 |
| 650 16 - ASIENTO SECUNDARIO DE MATERIA - TERMINO TEMATICO | |
| Término temático o nombre geográfico como elemento de entrada | Briofitos |
| Subdivisión general | Diversidad |
| 9 (RLIN) | 87999 |
| 650 #0 - ASIENTO SECUNDARIO DE MATERIA - TERMINO TEMATICO | |
| Término temático o nombre geográfico como elemento de entrada | Anfibios |
| Subdivisión general | Diversidad |
| 9 (RLIN) | 88000 |
| 650 16 - ASIENTO SECUNDARIO DE MATERIA - TERMINO TEMATICO | |
| Término temático o nombre geográfico como elemento de entrada | Cambio climático |
| 9 (RLIN) | 88001 |
| 650 16 - ASIENTO SECUNDARIO DE MATERIA - TERMINO TEMATICO | |
| Término temático o nombre geográfico como elemento de entrada | Flora |
| Subdivisión general | Diversidad |
| 9 (RLIN) | 88002 |
| 650 16 - ASIENTO SECUNDARIO DE MATERIA - TERMINO TEMATICO | |
| Término temático o nombre geográfico como elemento de entrada | Monitoreo |
| Subdivisión general | Conservación |
| 9 (RLIN) | 88003 |
| 700 ## - ASIENTO SECUNDARIO - NOMBRE PERSONAL | |
| Nombre personal | Ojeda Luna, Tatiana |
| 9 (RLIN) | 87990 |
| 700 ## - ASIENTO SECUNDARIO - NOMBRE PERSONAL | |
| Nombre personal | Eguiguren, Paúl |
| 9 (RLIN) | 87986 |
| 700 ## - ASIENTO SECUNDARIO - NOMBRE PERSONAL | |
| Nombre personal | Aguirre Mendoza, Zhofre |
| 9 (RLIN) | 87991 |
| 942 ## - ELEMENTOS ADICIONALES (KOHA) | |
| Sistema de clasificación | Dewey Decimal Classification |
| Tipo de ítem | Libro |
| Withdrawn status | Lost status | Sistema de Clasificación | Damaged status | No para préstamo | Colección | Ubicación Permanente | Ubicación actual | Fecha de adquisición | Total Checkouts | Número topográfico | Inventario / Código de Barras | Date last seen | Ejemplar | Price effective from | Forma de adquisición | Tipo de material | Fuente de Valor |
|---|---|---|---|---|---|---|---|---|---|---|---|---|---|---|---|---|---|
| Dewey Decimal Classification | General | Bogotá | Bogotá | 20/12/2017 | LB-577.38 A28c | 043400 | 20/12/2017 | Ej. 1 | 20/12/2017 | Donación | Libro | ||||||
| Dewey Decimal Classification | General | Bogotá | Bogotá | 10/01/2018 | LB-577.38 A28c | 043447 | 10/01/2018 | Ej. 2 | 10/01/2018 | Donación | Libro | Leonardo Bocanegra |